000 00567nam a2200193Ia 4500
005 20250508150631.0
008 008 250505s9999 xx 000 0 eng d
037 _aTextual
040 _aFEDL
_beng
_cFEDL
041 _aeng
_2eng
084 _a330.971, JOP
_qFEDL
100 _aJopson Keith R.
_9757239
245 0 _aCanada : Economic and commercial conditions in Canada
260 _aLondon, UK
_bHis Majesty's Stationery Office
_c1948
300 _aiv,166p
650 _aEconomics
942 _cTEXL
_h330.971, JOP
999 _c1324707
_d1324707